00337nam a2200109Ia 4500008004100000041000800041082001500049100004800064245005600112260004000168300001900208241028s9999 xx 000 0 und d aeng a658.85 ING aIngram/ Laforge/ Avila/ Schwepker/ Williams aSell: Trust-Based Professional Selling With Mindtap bCengage Learning IndiaaDehlic2020 a325;. P. 24 cm